Socio-economic models in geography /

Saved in:
Bibliographic Details
Main Author: Chorley, Richard J. (Richard John)
Other Authors: Haggett, Peter, 1933- (joint author.)
Format: Book
Language:English
Published: London : Methuen, 1968.
Series:University paperbacks ; UP249
Subjects:
LEADER 01324cam a22003251a 4500
001 c000289151
003 CARM
005 20081125090253.0
008 710629s1968 enkab b 001 0 eng d
015 |a B*** 
019 1 |a 21810178  |z 23109  |z 23887572  |z 12410581  |5 LACONCORD2021 
020 |a 0416296300 
035 |a (OCoLC)462165  |5 LACONCORD2021 
040 |a LC  |b eng  |c LC  |d SUSA  |d VCAV 
050 0 0 |a GA23  |b .C464 
082 0 4 |a 910.00184 
100 1 |a Chorley, Richard J.  |q (Richard John) 
245 1 0 |a Socio-economic models in geography /  |c edited by Richard J. Chorley [and] Peter Haggett. 
260 |a London :  |b Methuen,  |c 1968. 
300 |a 468 p. :  |b ill., maps. ;  |c 22 cm. 
490 0 |a University paperbacks ;  |v UP249 
500 |a "Distributed in the USA by Barnes and Noble." 
504 |a Includes bibliographies. 
650 0 |a Geography  |x Mathematical models. 
700 1 |a Haggett, Peter,  |d 1933-,  |e joint author. 
852 8 |b CARM  |h A3:AD01A0  |i B11035  |p 0518686  |f BK 
852 8 |b CARM  |h A1:AN08B0  |i B08507  |p 0409627  |f BK 
999 f f |i 0ac73f65-7a14-5abc-b923-30c958915120  |s a9620e2c-5087-58aa-a538-5d4ebdca93b2 
952 f f |p Can circulate  |a CAVAL  |b CAVAL  |c CAVAL  |d CARM 1 Store  |e B11035  |f A3:AD01A0  |h Other scheme  |i book  |m 0518686 
952 f f |p Can circulate  |a CAVAL  |b CAVAL  |c CAVAL  |d CARM 1 Store  |e B08507  |f A1:AN08B0  |h Other scheme  |i book  |m 0409627